International marketing and export management. / (Record no. 837)
[ view plain ]
| 000 -LEADER | |
|---|---|
| fixed length control field | 01478cam a22003018a 4500 |
| 001 - CONTROL NUMBER | |
| control field | 13653300 |
| 005 - DATE AND TIME OF LATEST TRANSACTION | |
| control field | 20210414113935.0 |
| 008 - FIXED-LENGTH DATA ELEMENTS--GENERAL INFORMATION | |
| fixed length control field | 040713s2004 enk b 001 0 eng |
| 010 ## - LIBRARY OF CONGRESS CONTROL NUMBER | |
| LC control number | 2004053302 |
| 020 ## - INTERNATIONAL STANDARD BOOK NUMBER | |
| International Standard Book Number | 0273686348 (pbk.) |
| 040 ## - CATALOGING SOURCE | |
| Original cataloging agency | DLC |
| Transcribing agency | DLC |
| 042 ## - AUTHENTICATION CODE | |
| Authentication code | pcc |
| 050 00 - LIBRARY OF CONGRESS CALL NUMBER | |
| Classification number | HF1416.I8 |
| 082 00 - DEWEY DECIMAL CLASSIFICATION NUMBER | |
| Classification number | 658.8/4 |
| Edition number | 22 |
| 100 1# - MAIN ENTRY--PERSONAL NAME | |
| Personal name | Albaum, Gerald S. |
| 245 10 - TITLE STATEMENT | |
| Title | International marketing and export management. / |
| Statement of responsibility, etc. | Gerald Albaum, Edwin Duerr, Jesper Strandskov. |
| 250 ## - EDITION STATEMENT | |
| Edition statement | 5th ed. |
| 260 ## - PUBLICATION, DISTRIBUTION, ETC. | |
| Place of publication, distribution, etc. | Harlow: |
| -- | New York. : |
| Name of publisher, distributor, etc. | Financial Times/Prentice Hall, |
| Date of publication, distribution, etc. | 2004. |
| 300 ## - PHYSICAL DESCRIPTION | |
| Extent | xi, 666 p.: |
| Other physical details | ill.; |
| Dimensions | 32cm |
| 504 ## - BIBLIOGRAPHY, ETC. NOTE | |
| Bibliography, etc. note | Includes bibliographical references and index. |
| 505 ## - FORMATTED CONTENTS NOTE | |
| Formatted contents note | Contents: International marketing and exporting -- Bases of international marketing -- The International environment -- Export market selection: definition and strategies -- Information for international market(ing) decisions -- Export market entry strategies -- Export entry modes -- Nonexport entry modes -- Product decisions -- Pricing decisions -- Financing and methods of payment -- Promotion and marketing communication -- The Export order and physical distribution -- Organization of international marketing activities. |
| 650 #0 - SUBJECT ADDED ENTRY--TOPICAL TERM | |
| Topical term or geographic name entry element | Export marketing |
| General subdivision | Management. |
| 700 1# - ADDED ENTRY--PERSONAL NAME | |
| Personal name | Duerr, Edwin. |
| 700 1# - ADDED ENTRY--PERSONAL NAME | |
| Personal name | Strandskov, Jesper. |
| 906 ## - LOCAL DATA ELEMENT F, LDF (RLIN) | |
| a | 7 |
| b | cbc |
| c | orignew |
| d | 1 |
| e | ocip |
| f | 20 |
| g | y-gencatlg |
| 942 ## - ADDED ENTRY ELEMENTS (KOHA) | |
| Source of classification or shelving scheme | Library of Congress Classification |
| Koha item type | Books |
| Withdrawn status | Lost status | Source of classification or shelving scheme | Damaged status | Not for loan | Home library | Current library | Shelving location | Date acquired | Total Checkouts | Full call number | Barcode | Date last seen | Copy number | Price effective from | Koha item type |
|---|---|---|---|---|---|---|---|---|---|---|---|---|---|---|---|
| Library of Congress Classification | WISCONSIN INTERNATIONAL UNIVERSITY COLLEGE, GHANA - MAIN LIBRARY | WISCONSIN INTERNATIONAL UNIVERSITY COLLEGE, GHANA - MAIN LIBRARY | General Stacks | 09/05/2012 | HF1416.I8 | 2062/12 | 09/05/2012 | 1 | 09/05/2012 | Books | |||||
| Library of Congress Classification | WISCONSIN INTERNATIONAL UNIVERSITY COLLEGE, GHANA - MAIN LIBRARY | WISCONSIN INTERNATIONAL UNIVERSITY COLLEGE, GHANA - MAIN LIBRARY | General Stacks | 09/05/2012 | HF1416.I81 | 2063/12 | 09/05/2012 | 2 | 09/05/2012 | Books | |||||
| Library of Congress Classification | WISCONSIN INTERNATIONAL UNIVERSITY COLLEGE, GHANA - MAIN LIBRARY | WISCONSIN INTERNATIONAL UNIVERSITY COLLEGE, GHANA - MAIN LIBRARY | General Stacks | 09/05/2012 | HF1416.I82 | 2064/12 | 09/05/2012 | 3 | 09/05/2012 | Books |
